| 000 | 003290000a22001330004500 | ||
|---|---|---|---|
| 003 | MACL | ||
| 040 | _aMACL | ||
| 090 |
_c36938 _d36936 |
||
| 100 | _aAhmad, Zia Uddin | ||
| 245 |
_aSystems of Education _bEngland Germany France and India |
||
| 260 |
_bLongman's Green And Co _c1929 |
||
| 650 | _aEducation | ||
| 942 |
_cBOOK _k371.4/AHM |
||
| 999 |
_c36540 _d36540 |
||